[Event "Krk Golden Island op"]
[Site "Malinska"]
[Date "2020.11.07"]
[Round "4"]
[White "Novosel, Lovro"]
[Black "Soldo, Josip"]
[Result "0-1"]
[WhiteElo "1900"]
[BlackElo "2102"]
[PlyCount "84"]
[EventDate "2020.11.05"]
[EventType "swiss"]
[EventRounds "5"]
[EventCountry "CRO"]
[SourceTitle "CBM 199 Extra"]
[Source "ChessBase"]
[SourceDate "2021.01.31"]
[SourceVersion "1"]
[SourceVersionDate "2021.01.31"]
[SourceQuality "1"]

1. Nf3 c5 2. g3 Nc6 3. Bg2 e5 4. 0-0 g6 5. b3 e4 6. Ne1 Bg7 7. c3 d5 8. Bb2 f5 9. d3 Nf6 10. c4 d4 11. Nc2 0-0 12. a3 a5 13. Nd2 Re8 14. b4 b6 15. bxa5 Rxa5 16. Nb3 Ra7 17. e3 Ne5 18. exd4 Nxd3 19. Bc3 Ng4 20. h3 Nh6 21. Qd2 Qf6 22. f3 Ba6 23. fxe4 Bxc4 24. Rab1 Rd8 25. Ba1 Qe7 26. Ne3 Bxb3 27. Rxb3 fxe4 28. Bxe4 Qxe4 29. Rxd3 cxd4 30. Rf4 Qe6 31. Nc2 Qxh3 32. g4 Qh4 33. Qg2 Qg5 34. Qf3 Rf7 35. Rxf7 Nxf7 36. Bxd4 Bxd4+ 37. Nxd4 Ne5 38. Qe4 Nxd3 39. Qe6+ Kh8 40. Nf3 Qc1+ 41. Kh2 Qc7+ 42. Kh1 Rf8 0-1

[Event "Krk Golden Island op"]
[Site "Malinska"]
[Date "2020.11.06"]
[Round "2"]
[White "Martic, Zlatko"]
[Black "Soldo, Josip"]
[Result "1/2-1/2"]
[WhiteElo "2298"]
[BlackElo "2102"]
[PlyCount "42"]
[EventDate "2020.11.05"]
[EventType "swiss"]
[EventRounds "5"]
[EventCountry "CRO"]
[SourceTitle "CBM 199 Extra"]
[Source "ChessBase"]
[SourceDate "2021.01.31"]
[SourceVersion "1"]
[SourceVersionDate "2021.01.31"]
[SourceQuality "1"]

1. d4 Nf6 2. c4 g6 3. Nc3 Bg7 4. e4 d6 5. Nf3 0-0 6. Be2 e5 7. 0-0 exd4 8. Nxd4 Nc6 9. Nc2 Re8 10. f3 Nh5 11. g4 Be5 12. gxh5 Bxh2+ 13. Kxh2 Qh4+ 14. Kg1 Qg3+ 15. Kh1 Qh3+ 16. Kg1 Qg3+ 17. Kh1 Re5 18. f4 Rxh5+ 19. Bxh5 Qh3+ 20. Kg1 Qg3+ 21. Kh1 Qh3+ 1/2-1/2

[Event "Zagreb Damjanovic Memorial 3rd"]
[Site "Zagreb"]
[Date "2019.11.11"]
[Round "3"]
[White "Soldo, Josip"]
[Black "Vitaljic, Nebojsa"]
[Result "0-1"]
[WhiteElo "2118"]
[BlackElo "1941"]
[PlyCount "70"]
[EventDate "2019.11.09"]
[EventType "swiss"]
[EventRounds "9"]
[EventCountry "CRO"]
[SourceTitle "CBM 193 Extra"]
[Source "ChessBase"]
[SourceDate "2020.01.31"]
[SourceVersion "1"]
[SourceVersionDate "2020.01.31"]
[SourceQuality "1"]

1. e4 c5 2. Nf3 g6 3. d4 cxd4 4. Qxd4 Nf6 5. e5 Nc6 6. Qa4 Nd5 7. Qe4 Nb6 8. Bf4 e6 9. Nc3 Bb4 10. a3 Bxc3+ 11. bxc3 Nd5 12. Bd2 f5 13. Qd3 Qc7 14. c4 Nde7 15. Be2 b6 16. 0-0 h6 17. h4 Bb7 18. Rfb1 0-0-0 19. Bb4 Nxb4 20. axb4 Nc6 21. Qe3 Kb8 22. c5 g5 23. b5 Ne7 24. cxb6 Qxb6 25. Qa3 Ng6 26. c4 Rc8 27. hxg5 hxg5 28. Nxg5 Nf4 29. Bf1 Rhg8 30. Qg3 Nxg2 31. Bxg2 Bxg2 32. Kxg2 Rxc4 33. f4 Rc2+ 34. Kf1 Rh8 35. Nf3 Rh3 0-1

[Event "CRO-chT1A 26th"]
[Site "Mali Losinj"]
[Date "2017.09.28"]
[Round "1.16"]
[White "Kovacevic, Blazimir"]
[Black "Soldo, Josip"]
[Result "1-0"]
[WhiteElo "2488"]
[BlackElo "2122"]
[PlyCount "43"]
[EventDate "2017.09.28"]
[EventType "team-tourn"]
[EventRounds "9"]
[EventCountry "CRO"]
[SourceTitle "EXT 2018"]
[Source "ChessBase"]
[SourceDate "2017.10.13"]
[SourceVersion "1"]
[SourceVersionDate "2017.10.13"]
[SourceQuality "1"]
[WhiteTeam "Rijeka Liburnija"]
[BlackTeam "Slavonski Brod Djakovic"]
[WhiteTeamCountry "CRO"]
[BlackTeamCountry "CRO"]

1. Nf3 g6 2. d4 Bg7 3. c4 d5 4. cxd5 Nf6 5. Qa4+ Kf8 6. Qa3 Nxd5 7. e4 Nb6 8. Be3 Nc6 9. d5 Ne5 10. Nxe5 Bxe5 11. Nc3 Bd7 12. Rd1 h6 13. Be2 Kg8 14. 0-0 Rc8 15. f4 Bd6 16. Qb3 e5 17. dxe6 Bxe6 18. Qc2 Qe7 19. Nb5 Bf5 20. Bf3 Nd7 21. Nxd6 cxd6 22. Qxc8+ 1-0

[Event "Bosnjaci op 7th"]
[Site "Bosnjaci"]
[Date "2001.01.05"]
[Round "3"]
[White "Rogic, Davor"]
[Black "Soldo, Josip"]
[Result "1-0"]
[WhiteElo "2457"]
[BlackElo "2234"]
[PlyCount "73"]
[EventDate "2001.01.03"]
[EventType "swiss"]
[EventRounds "7"]
[EventCountry "CRO"]
[SourceTitle "CBM 080 Extra"]
[Source "ChessBase"]
[SourceDate "2001.03.08"]
[SourceVersion "1"]
[SourceVersionDate "2001.03.08"]
[SourceQuality "1"]

1. e4 e6 2. d4 d5 3. Nd2 Nf6 4. e5 Nfd7 5. Bd3 c5 6. c3 Nc6 7. Ne2 cxd4 8. cxd4 f6 9. exf6 Nxf6 10. Nf3 Bd6 11. 0-0 0-0 12. Re1 Qc7 13. Nc3 a6 14. Be3 Bd7 15. Rc1 Rae8 16. h3 Re7 17. Ne5 Be8 18. f4 Nh5 19. Qd2 Qb6 20. a3 Nxf4 21. Na4 Qa7 22. Nxc6 Bxc6 23. Nc5 Bxc5 24. Rxc5 Nxd3 25. Qxd3 Bb5 26. Qd2 Ref7 27. g3 Rf1+ 28. Rxf1 Bxf1 29. Rc7 Bxh3 30. Qb4 Re8 31. Kh2 Bg4 32. Bf4 a5 33. Qb5 Rd8 34. Be5 h5 35. Rxb7 Be2 36. Qc6 Qa6 37. Qc7 1-0

[Event "Bosnjaci op 7th"]
[Site "Bosnjaci"]
[Date "2001.01.04"]
[Round "2"]
[White "Soldo, Josip"]
[Black "Tarakcija, Hazim"]
[Result "1-0"]
[WhiteElo "2234"]
[BlackElo "2224"]
[PlyCount "104"]
[EventDate "2001.01.03"]
[EventType "swiss"]
[EventRounds "7"]
[EventCountry "CRO"]
[SourceTitle "CBM 080 Extra"]
[Source "ChessBase"]
[SourceDate "2001.03.08"]
[SourceVersion "1"]
[SourceVersionDate "2001.03.08"]
[SourceQuality "1"]

1. e4 c5 2. c3 e6 3. d4 d5 4. e5 Qb6 5. Nf3 Nc6 6. Be2 cxd4 7. cxd4 Nge7 8. Na3 Nf5 9. Nc2 Bd7 10. 0-0 Be7 11. Rb1 Rc8 12. Be3 Nb4 13. Nxb4 Qxb4 14. Ne1 Qa4 15. b3 Qa3 16. Bd3 a6 17. Qe2 h5 18. g3 g6 19. Nf3 Qb4 20. Rfc1 Rxc1+ 21. Rxc1 Nxe3 22. fxe3 Qa5 23. Rf1 0-0 24. Nh4 Kg7 25. Ng2 Rc8 26. Nf4 Qd8 27. Nxh5+ gxh5 28. Qxh5 Qg8 29. Rf4 Kf8 30. Rg4 Qxg4 31. Qxg4 Rc1+ 32. Kf2 Bb5 33. Bxb5 axb5 34. h4 Ke8 35. h5 Rc2+ 36. Kg1 Bf8 37. Qg8 Rc1+ 38. Kg2 Rc2+ 39. Kh3 Rc1 40. Kg4 Rh1 41. Qh7 b4 42. Qd3 Be7 43. e4 dxe4 44. Qxe4 Rh2 45. Qxb7 Kf8 46. d5 exd5 47. Qxd5 Kg7 48. e6 fxe6 49. Qxe6 Bf8 50. Qg6+ Kh8 51. Qf7 Bg7 52. Kg5 Re2 1-0

[Event "Bizovac Metalis op 07th"]
[Site "Bizovac"]
[Date "2000.02.24"]
[Round "2"]
[White "Soldo, Josip"]
[Black "Cebalo, Miso"]
[Result "0-1"]
[WhiteElo "2236"]
[BlackElo "2553"]
[PlyCount "84"]
[EventDate "2000.02.24"]
[EventType "swiss"]
[EventRounds "7"]
[EventCountry "CRO"]
[SourceTitle "EXT 2001"]
[Source "ChessBase"]
[SourceDate "2000.11.22"]
[SourceVersion "1"]
[SourceVersionDate "2000.11.22"]
[SourceQuality "1"]

1. e4 c5 2. c3 d5 3. exd5 Qxd5 4. d4 g6 5. Nf3 Bg7 6. Na3 Nf6 7. Be3 cxd4 8. Nb5 0-0 9. Qxd4 Nc6 10. Qxd5 Nxd5 11. Bd2 a6 12. Nbd4 Nxd4 13. Nxd4 b5 14. a3 Bb7 15. Be2 Rac8 16. Bf3 e5 17. Nc2 e4 18. Be2 f5 19. a4 b4 20. Nxb4 e3 21. fxe3 Nxb4 22. cxb4 Bxg2 23. Rg1 Bb7 24. Rb1 Rfd8 25. Rc1 Bxb2 26. Rxc8 Rxc8 27. Bd3 Kf7 28. Ke2 Be5 29. h3 Kf6 30. Rb1 Rd8 31. Rc1 h5 32. h4 g5 33. hxg5+ Kxg5 34. e4+ Kg4 35. Rg1+ Bg3 36. exf5 h4 37. Ke3 Re8+ 38. Kd4 h3 39. Be3 h2 40. Be2+ Bf3 41. Bxf3+ Kxf3 42. Rf1+ Ke2 0-1

[Event "Harkany Tenkes Cup"]
[Site "Harkany"]
[Date "1999.11.28"]
[Round "7"]
[White "Vadasz, Laszlo"]
[Black "Soldo, Josip"]
[Result "1/2-1/2"]
[WhiteElo "2275"]
[BlackElo "2273"]
[PlyCount "32"]
[EventDate "1999.11.??"]
[EventType "swiss"]
[EventRounds "9"]
[EventCountry "HUN"]
[SourceTitle "EXT 2004"]
[Source "ChessBase"]
[SourceDate "2003.11.25"]
[SourceVersion "1"]
[SourceVersionDate "2003.11.25"]
[SourceQuality "1"]

1. Nf3 d5 2. d4 Nf6 3. c4 dxc4 4. e3 e6 5. Bxc4 c5 6. 0-0 a6 7. Qe2 b5 8. Bb3 Bb7 9. Rd1 Qb6 10. Nc3 Be7 11. e4 cxd4 12. Nxd4 0-0 13. Bg5 Nc6 14. Nxc6 Qxc6 15. Rac1 Qe8 16. Bc2 Nd5 1/2-1/2

[Event "Nova Gorica op 04th"]
[Site "Nova Gorica"]
[Date "1999.01.31"]
[Round "4"]
[White "Karer, Gregor"]
[Black "Soldo, Josip"]
[Result "1/2-1/2"]
[WhiteElo "2088"]
[BlackElo "2367"]
[PlyCount "148"]
[EventDate "1999.01.28"]
[EventType "swiss"]
[EventRounds "9"]
[EventCountry "SLO"]
[SourceTitle "CBM 068 Extra"]
[Source "ChessBase"]
[SourceDate "1999.03.01"]
[SourceVersion "1"]
[SourceVersionDate "1999.03.01"]
[SourceQuality "1"]

1. e4 e6 2. d4 c5 3. c3 d5 4. e5 Nc6 5. Nf3 Qb6 6. Be2 Bd7 7. 0-0 Rc8 8. b3 cxd4 9. cxd4 Nh6 10. Na3 Nb4 11. h3 Nf5 12. g4 Ne7 13. Ne1 h5 14. f4 hxg4 15. hxg4 Ng6 16. Nf3 Nh4 17. Bb2 Nxf3+ 18. Rxf3 Qd8 19. g5 g6 20. Qd2 a6 21. Kg2 Qb6 22. Bc3 Nc6 23. Nc2 a5 24. Rc1 Be7 25. Ne3 Bb4 26. Bxb4 axb4 27. Nc2 Nxd4 28. Nxd4 Rxc1 29. Qxc1 Qxd4 30. Qc7 Qa7 31. Ba6 Qxa6 32. Qb8+ Ke7 33. Qxh8 Qe2+ 34. Rf2 Qg4+ 35. Kh2 d4 36. Qh3 Qd1 37. Qf3 Qe1 38. Qe2 Qc1 39. Qc4 Qe1 40. Qxd4 Bc6 41. Qd2 Qh1+ 42. Kg3 Qg1+ 43. Kh4 Ke8 44. Qe2 Qh1+ 45. Rh2 Qc1 46. Qf2 Qd1 47. Rh3 Qc1 48. Re3 Qh1+ 49. Kg3 Qc1 50. Re1 Qc3+ 51. Qe3 Qb2 52. Re2 Qb1 53. Rd2 Bd5 54. Qf2 Qa1 55. Rd4 Qc1 56. Kh4 Qc3 57. Qd2 Qf3 58. Rd3 Qh1+ 59. Kg3 Qg1+ 60. Kh4 Qh1+ 61. Rh3 Qg1 62. Qh2 Qd1 63. Qf2 Qb1 64. Kg3 Qc1 65. Rh8+ Ke7 66. Ra8 Bc6 67. Ra5 Qc3+ 68. Kh4 Ke8 69. Rc5 Qa1 70. Rc4 Qh1+ 71. Kg3 Qa1 72. Rd4 Qc3+ 73. Kh4 Bd5 74. Rd2 Qa1 1/2-1/2

[Event "Nova Gorica op 04th"]
[Site "Nova Gorica"]
[Date "1999.01.29"]
[Round "2"]
[White "Mikhalchishin, Adrian"]
[Black "Soldo, Josip"]
[Result "1-0"]
[WhiteElo "2542"]
[BlackElo "2367"]
[PlyCount "91"]
[EventDate "1999.01.28"]
[EventType "swiss"]
[EventRounds "9"]
[EventCountry "SLO"]
[SourceTitle "CBM 068 Extra"]
[Source "ChessBase"]
[SourceDate "1999.03.01"]
[SourceVersion "1"]
[SourceVersionDate "1999.03.01"]
[SourceQuality "1"]

1. d4 Nc6 2. Nf3 d6 3. c4 e5 4. Nc3 Bg4 5. d5 Nce7 6. Qb3 Qc8 7. c5 Ng6 8. Qa4+ Bd7 9. c6 bxc6 10. dxc6 Be6 11. e4 a6 12. h4 f6 13. Be3 Nh6 14. h5 Ne7 15. 0-0-0 g5 16. hxg6 hxg6 17. Nd2 Bg7 18. f3 f5 19. Bc4 Kf7 20. Bg5 Nhg8 21. Rxh8 Bxh8 22. Rh1 Bg7 23. Rh7 Nf6 24. Bxf6 Kxf6 25. Bxe6 Qxe6 26. Nc4 d5 27. Ne3 dxe4 28. fxe4 Qg8 29. Ncd5+ Kf7 30. Rh3 Nxd5 31. Nxd5 Qd8 32. Qc4 Kf8 33. Kb1 a5 34. Rd3 Qh4 35. Nxc7 Qe1+ 36. Kc2 Qe2+ 37. Kc1 Qe1+ 38. Kc2 Qe2+ 39. Kc1 Qe1+ 40. Kc2 Qe2+ 41. Kc3 Qe1+ 42. Rd2 Rc8 43. Qe6 Rxc7 44. Qd6+ Re7 45. c7 Kf7 46. Qd3 1-0

[Event "Zadar op"]
[Site "Zadar"]
[Date "1998.??.??"]
[Round "2"]
[White "Draganic, Stjepan"]
[Black "Soldo, Josip"]
[Result "1-0"]
[WhiteElo "2165"]
[BlackElo "2370"]
[PlyCount "133"]
[EventDate "1998.12.??"]
[EventType "swiss"]
[EventRounds "9"]
[EventCountry "CRO"]
[SourceTitle "EXT 2000"]
[Source "ChessBase"]
[SourceDate "1999.11.16"]
[SourceVersion "1"]
[SourceVersionDate "1999.11.16"]
[SourceQuality "1"]

1. d4 g6 2. Nf3 Bg7 3. c3 Nf6 4. Bf4 d6 5. Nbd2 0-0 6. e4 Nbd7 7. Bg5 h6 8. Bh4 e5 9. dxe5 Nxe5 10. Nxe5 dxe5 11. Bxf6 Qxf6 12. Qf3 Qe7 13. Bc4 Kh8 14. 0-0 f5 15. exf5 gxf5 16. Qe2 Bd7 17. Rfe1 a6 18. Bd5 Rab8 19. Rad1 Bb5 20. Qe3 Ba4 21. Bb3 Bc6 22. f3 b5 23. Nf1 Bb7 24. Qa7 c6 25. Re2 Ra8 26. Qb6 Rad8 27. Rde1 c5 28. Ng3 Rde8 29. Bc2 Bc8 30. Nh5 c4 31. Qg6 Qa7+ 32. Kh1 Qf7 33. Qxg7+ Qxg7 34. Nxg7 Kxg7 35. Rxe5 Rxe5 36. Rxe5 Rd8 37. Re2 Kf6 38. f4 Be6 39. Kg1 a5 40. a3 b4 41. axb4 axb4 42. Ba4 Ra8 43. Bc6 Ra1+ 44. Kf2 b3 45. Ke3 Ra6 46. Bb7 Ra7 47. Bf3 Ra1 48. Rd2 Ra5 49. h3 Ra2 50. Kd4 Ra5 51. Re2 Ra1 52. Kc5 Ra5+ 53. Kb6 Ra1 54. Rd2 Rc1 55. Kc5 Rc2 56. Re2 Bf7 57. Kd4 h5 58. Ke3 Rc1 59. Rd2 Re1+ 60. Kf2 Rc1 61. Ke2 Rg1 62. Rd1 Rxd1 63. Kxd1 Ke6 64. Kd2 Kd6 65. Ke3 Kc5 66. Kf2 h4 67. g3 1-0

[Event "Harkany Tenkes Cup"]
[Site "Harkany"]
[Date "1998.??.??"]
[Round "?"]
[White "Soldo, Josip"]
[Black "Vaulin, Alexander"]
[Result "0-1"]
[WhiteElo "2370"]
[BlackElo "2535"]
[PlyCount "82"]
[EventDate "1998.11.??"]
[EventType "swiss"]
[EventRounds "9"]
[EventCountry "HUN"]
[SourceTitle "EXT 2002"]
[Source "ChessBase"]
[SourceDate "2001.11.25"]
[SourceVersion "1"]
[SourceVersionDate "2001.11.25"]
[SourceQuality "1"]

1. d4 d5 2. c4 dxc4 3. e3 e6 4. Bxc4 c5 5. Nf3 Nf6 6. 0-0 a6 7. Nc3 b5 8. Bb3 Bb7 9. Qe2 Nbd7 10. Rd1 Qb8 11. Bc2 Bd6 12. e4 cxd4 13. Rxd4 Ne5 14. h3 Nxf3+ 15. Qxf3 Be5 16. Rd1 0-0 17. Bg5 Rc8 18. Qe2 h6 19. Be3 Bxc3 20. bxc3 Bxe4 21. Bxe4 Nxe4 22. Bxh6 Nxc3 23. Qe3 gxh6 24. Rd4 Qa7 25. Rg4+ Kh7 26. Qe5 f5 27. Rf4 Nd5 28. Rxf5 exf5 29. Qxf5+ Kh8 30. Qxd5 Rf8 31. Qd2 Qg7 32. Rc1 Rad8 33. Qe3 Qg5 34. Qc3+ Qf6 35. Qe3 Qf4 36. Qc3+ Qd4 37. Qg3 Rg8 38. Qf3 Rdf8 39. Qe2 Re8 40. Qh5 Qf4 41. Rd1 Re5 0-1